Financial Management:Theory and Practice (Record no. 298467)
[ view plain ]
| 000 -LEADER | |
|---|---|
| fixed length control field | 00250 a2200109 4500 |
| 001 - CONTROL NUMBER | |
| control field | 63394 |
| 082 ## - DEWEY DECIMAL CLASSIFICATION NUMBER | |
| Classification number | 658.15 BRI |
| 090 ## - LOCALLY ASSIGNED LC-TYPE CALL NUMBER (OCLC); LOCAL CALL NUMBER (RLIN) | |
| -- | 37447 |
| -- | 37447 |
| 100 ## - MAIN ENTRY--PERSONAL NAME | |
| Personal name | Brigham,E.F |
| 245 ## - TITLE STATEMENT | |
| Title | Financial Management:Theory and Practice |
| 260 ## - PUBLICATION, DISTRIBUTION, ETC. | |
| Name of publisher, distributor, etc. | Dyden Press |
| 942 ## - ADDED ENTRY ELEMENTS (KOHA) | |
| Institution code [OBSOLETE] | NUST-CAE |
| Call number prefix | 658.15 BRI |
| Withdrawn status | Lost status | Damaged status | Not for loan | Collection code | Permanent Location | Current Location | Date acquired | Total Checkouts | Full call number | Barcode | Date last seen | Price effective from | Koha item type |
|---|---|---|---|---|---|---|---|---|---|---|---|---|---|
| College of Aeronautical Engineering (CAE) | College of Aeronautical Engineering (CAE) | 04/03/2017 | 658.15 BRI | CAEG-5496 | 04/05/2017 | 04/05/2017 | Book |
